000
00286nam a2200109Ia 4500
008
190914s9999||||xx |||||||||||||| ||und||
100
_a
Dr.Abdul Wahab
245
2
_a
A Historical Survey of Theory on the Consumer Interest
260
_a
Karachi
_b
IBA
_c
2006
300
_a
400
942
_c
BK
999
_c
9834
_d
9834